[Event "12. KUP SSOBZ"]
[Site "Valpovo"]
[Date "2019.02.16"]
[Round "2.3"]
[White "Topalic, Fran"]
[Black "Grguric, Damir"]
[Result "1/2-1/2"]
[WhiteElo "1504"]
[BlackElo "1991"]
[PlyCount "53"]
[EventDate "2019.02.15"]
[WhiteTeam "ŠK FERIT OSIJEK II, Osijek"]
[BlackTeam "ŠK DRAGOVOLJAC, Osijek"]

1. e4 e6 2. d4 d5 3. Nd2 c5 4. Ngf3 Nc6 5. dxc5 Bxc5 6. exd5 exd5 7. Be2 Nf6 8.
O-O O-O 9. Nb3 Bb6 10. Nfd4 Qd6 11. Bf3 h6 12. c3 a6 13. Re1 Bc7 14. g3 g5 15.
Nxc6 bxc6 16. Be3 Re8 17. Bc5 Rxe1+ 18. Qxe1 Qe6 19. Nd4 Qxe1+ 20. Rxe1 Bd7 21.
Kf1 Re8 22. Rxe8+ Nxe8 23. Ke2 Kg7 24. Kd3 g4 25. Bg2 Nd6 26. b3 Kg6 27. c4
1/2-1/2

[Event "12. KUP SSOBZ"]
[Site "Valpovo"]
[Date "2019.02.16"]
[Round "2.3"]
[White "Imsirovic, Alen"]
[Black "Matota, Dominik"]
[Result "1-0"]
[WhiteElo "1961"]
[BlackElo "1530"]
[PlyCount "117"]
[EventDate "2019.02.15"]
[WhiteTeam "ŠK DRAGOVOLJAC, Osijek"]
[BlackTeam "ŠK FERIT OSIJEK II, Osijek"]

1. e4 e5 2. Bc4 Nf6 3. Nc3 Bc5 4. Nf3 Nc6 5. d3 h6 6. Be3 Bb6 7. Nd5 Bxe3 8.
fxe3 d6 9. O-O Bg4 10. Qd2 Nxd5 11. Bxd5 O-O 12. Rf2 Ne7 13. Bxb7 Rb8 14. Ba6
Rxb2 15. Bc4 Rb6 16. Raf1 Be6 17. Bb3 Qd7 18. d4 exd4 19. exd4 Bxb3 20. axb3 f6
21. Qa5 Nc6 22. Qa1 Re8 23. Nd2 d5 24. Re1 dxe4 25. Nxe4 Nxd4 26. Qd1 Rbe6 27.
Rf4 f5 28. Nf6+ Rxf6 29. Rxe8+ Qxe8 30. Qxd4 Qc6 31. Qd8+ Rf8 32. Qd3 Qc5+ 33.
Kh1 Qe5 34. Qc4+ Kh8 35. h3 Rd8 36. Qf1 Rd5 37. c4 Rd3 38. Rxf5 Qe4 39. Rf3
Rxf3 40. Qxf3 Qxf3 41. gxf3 Kh7 42. f4 Kg6 43. Kg2 Kf5 44. Kf3 c5 45. Ke3 a5
46. Kf3 g6 47. Ke3 h5 48. Kf3 h4 49. Ke3 Kf6 50. Kd3 Kf5 51. Ke3 Kf6 52. Ke2
Kf5 53. Kf3 Kf6 54. Kg4 Ke6 55. Kg5 Kf7 56. Kxh4 Kf6 57. Kg4 Ke6 58. Kg5 Kf7
59. f5 1-0

[Event "12. KUP SSOBZ"]
[Site "Valpovo"]
[Date "2019.02.16"]
[Round "2.4"]
[White "Kolic, Vladimir"]
[Black "Basrak, Srdjan"]
[Result "1/2-1/2"]
[WhiteElo "1620"]
[BlackElo "2230"]
[PlyCount "127"]
[EventDate "2019.02.15"]
[WhiteTeam "ŠK ĐAKOVO LIM MONT III, Đakovo"]
[BlackTeam "ŠK BELIŠĆE, Belišće"]

1. e4 c5 2. Nf3 Nc6 3. d4 cxd4 4. Nxd4 Nf6 5. Nc3 e5 6. Nf3 h6 7. a3 Bc5 8. Be2
a6 9. O-O b5 10. Be3 Bxe3 11. fxe3 O-O 12. h3 Bb7 13. Bd3 Re8 14. Rf2 d6 15.
Qe2 Ne7 16. Raf1 Ng6 17. Nh2 Qd7 18. Ng4 Nxg4 19. Rxf7 Qxf7 20. Rxf7 Kxf7 21.
Qxg4 Bc8 22. Qg3 Be6 23. Be2 Ne7 24. Nd5 Bxd5 25. exd5 g6 26. e4 Rac8 27. c3
Rc7 28. Bg4 Kg7 29. Be6 Rf8 30. Qe3 Rb7 31. Qd3 Rc7 32. b3 Ng8 33. c4 Rb8 34.
cxb5 axb5 35. a4 Nf6 36. axb5 Rc5 37. h4 h5 38. Kh2 Rcxb5 39. Qc4 R8b7 40. Qc6
R5b6 41. Qc4 Rxb3 42. Bc8 Ng4+ 43. Bxg4 hxg4 44. Qe2 g3+ 45. Kh3 Rf7 46. Qg4
Rbb7 47. Qxg3 Rf6 48. Qa3 Rd7 49. g3 Rf8 50. Qa4 Rdf7 51. Qc6 Rf6 52. Qc7+ R8f7
53. Qc6 Kh6 54. Kg4 Kg7 55. Qc4 Rf3 56. Qc6 Re3 57. Qxd6 Rxe4+ 58. Kh3 Re3 59.
Qe6 Rf6 60. Qe7+ Rf7 61. Qe6 Rff3 62. Qe7+ Kg8 63. Qe8+ Kh7 64. Qe7+ 1/2-1/2

[Event "12. KUP SSOBZ"]
[Site "Valpovo"]
[Date "2019.02.16"]
[Round "2.4"]
[White "Marjancevic, Slavko"]
[Black "Grozdanic, Dario"]
[Result "1-0"]
[WhiteElo "1994"]
[BlackElo "1530"]
[PlyCount "49"]
[EventDate "2019.02.15"]
[WhiteTeam "ŠK BELIŠĆE, Belišće"]
[BlackTeam "ŠK ĐAKOVO LIM MONT III, Đakovo"]

1. e4 g6 2. d4 e6 3. c4 Bg7 4. Nf3 Ne7 5. Be2 O-O 6. O-O b6 7. Nc3 Bb7 8. Qc2
d6 9. a3 a6 10. b4 Nd7 11. Bb2 f5 12. Ng5 Rf6 13. Rad1 Qc8 14. f4 e5 15. fxe5
dxe5 16. dxe5 Nxe5 17. Nd5 Nxd5 18. exd5 Rd6 19. c5 Rxd5 20. Bxe5 Rxd1 21. Rxd1
Qe8 22. Qc4+ Kf8 23. Ne6+ Ke7 24. Nxg7 Qc6 25. Bf3 1-0

[Event "12. KUP SSOBZ"]
[Site "Valpovo"]
[Date "2019.02.16"]
[Round "2.5"]
[White "Slobodjanac, Sinisa"]
[Black "Skočibusic, Ivo"]
[Result "0-1"]
[WhiteElo "1822"]
[BlackElo "1907"]
[PlyCount "62"]
[EventDate "2019.02.15"]
[WhiteTeam "ŠK MLADOST, Osijek"]
[BlackTeam "ŠK ĐAKOVO LIM MONT II, Đakovo"]

1. b4 Nf6 2. Bb2 g6 3. c4 Bg7 4. e3 d6 5. Be2 O-O 6. Nf3 e5 7. d3 Ne8 8. Qc2 f5
9. Nbd2 g5 10. g3 Nc6 11. a3 h6 12. Nb3 Rf7 13. b5 Ne7 14. d4 e4 15. Nfd2 Nf6
16. h4 g4 17. d5 Ng6 18. Nd4 Ne5 19. N2b3 Nf3+ 20. Bxf3 gxf3 21. Bc3 Ng4 22.
Qb2 Qe7 23. a4 Ne5 24. O-O Nxc4 25. Qc2 Nb6 26. Ba5 Nxd5 27. Qc4 Nb6 28. Qc2
Be5 29. Kh1 Qf6 30. Rac1 Qg6 31. Rg1 Qg4 0-1

[Event "12. KUP SSOBZ"]
[Site "Valpovo"]
[Date "2019.02.16"]
[Round "2.5"]
[White "Macanga, Branko"]
[Black "Djaic, Kristijan"]
[Result "1/2-1/2"]
[WhiteElo "1801"]
[BlackElo "1758"]
[PlyCount "135"]
[EventDate "2019.02.15"]
[WhiteTeam "ŠK ĐAKOVO LIM MONT II, Đakovo"]
[BlackTeam "ŠK MLADOST, Osijek"]

1. Nf3 d5 2. c4 e6 3. g3 Bd7 4. Bg2 Bc6 5. Ne5 Nf6 6. O-O Bd6 7. d4 O-O 8. Nc3
Nbd7 9. Nxc6 bxc6 10. c5 Be7 11. Qa4 e5 12. Qxc6 exd4 13. Nxd5 Nxd5 14. Bxd5
Rb8 15. b3 Bxc5 16. Bf4 Bb6 17. a4 a5 18. Rfc1 Re8 19. Bxc7 Bxc7 20. Qxc7 Rxe2
21. Qc4 Re7 22. Qc7 Nf6 23. Qxd8+ Rxd8 24. Bc4 g6 25. Rd1 Kg7 26. Kf1 Ne4 27.
Rd3 Nc5 28. Rd2 f5 29. Re2 Rb7 30. Rb2 Rdb8 31. Bb5 Ne4 32. Rd1 Nc3 33. Rxd4
Nxb5 34. axb5 Rxb5 35. Rd7+ Kh6 36. Ra7 Rxb3 37. Rxb3 Rxb3 38. Rxa5 Kg5 39. h3
h5 40. h4+ Kf6 41. Kg2 Rb6 42. Kh3 Re6 43. Ra8 Ke5 44. Kg2 Ke4 45. Ra3 Kd4 46.
Kf3 Kd5 47. Ra4 Ke5 48. Ra3 Kd4 49. Kf4 Re4+ 50. Kg5 Rg4+ 51. Kf6 Kd5 52. Re3
Kd4 53. Rf3 Ke4 54. Ra3 Kd5 55. Ra5+ Ke4 56. Ra4+ Kf3 57. Rxg4 fxg4 58. Kxg6
Kxf2 59. Kxh5 Kxg3 60. Kg5 Kf3 61. h5 g3 62. h6 g2 63. h7 g1=Q+ 64. Kh6 Qe3+
65. Kg7 Qe7+ 66. Kg8 Qe8+ 67. Kg7 Qe5+ 68. Kg8 1/2-1/2

[Event "12. KUP SSOBZ"]
[Site "Valpovo"]
[Date "2019.02.16"]
[Round "2.5"]
[White "Romić, Borislav"]
[Black "Perči, Franjo"]
[Result "1/2-1/2"]
[WhiteElo "1817"]
[BlackElo "1662"]
[PlyCount "58"]
[EventDate "2019.02.15"]
[WhiteTeam "ŠK MLADOST, Osijek"]
[BlackTeam "ŠK ĐAKOVO LIM MONT II, Đakovo"]

1. e4 e5 2. c4 Nc6 3. Nf3 d6 4. d3 Bg4 5. Be3 Nf6 6. Be2 h6 7. Nc3 Be7 8. Nd5
Qd7 9. a3 Bxf3 10. Bxf3 Nd4 11. Nxf6+ Bxf6 12. Bxd4 exd4 13. b4 c5 14. b5 O-O
15. O-O Rae8 16. a4 Bd8 17. a5 Re5 18. Bg4 Qc7 19. f4 Ree8 20. a6 b6 21. Qf3 g6
22. Qg3 Kh7 23. f5 Bg5 24. h4 Be3+ 25. Kh1 Qe7 26. Rf3 Qe5 27. Raf1 Qxg3 28.
Rxg3 g5 29. f6 Kg8 1/2-1/2

[Event "12. KUP SS OBZ"]
[Site "Valpovo"]
[Date "2019.02.16"]
[Round "3.1"]
[White "Grandic, Zvjezdan"]
[Black "Sasvari, Zelimir"]
[Result "1-0"]
[WhiteElo "2189"]
[BlackElo "2215"]
[PlyCount "135"]
[EventDate "2019.02.15"]
[WhiteTeam "ŠK SLAVONAC, Našice"]
[BlackTeam "ŠK OSIJEK 2017, Osijek"]

1. e4 c5 2. Nf3 e6 3. d4 cxd4 4. Nxd4 a6 5. Be3 Qc7 6. Qd2 Nf6 7. Bd3 d5 8.
exd5 Nxd5 9. Be4 Nxe3 10. fxe3 Nd7 11. O-O Nf6 12. Bf3 Bd6 13. g3 e5 14. Nb3
Bh3 15. Rd1 Rd8 16. Qc3 Qe7 17. Na3 e4 18. Be2 Rc8 19. Nc4 Bb8 20. Qa5 O-O 21.
Nd4 Rc5 22. Qb6 Nd5 23. Qb3 b5 24. Na5 Qg5 25. Kf2 Be6 26. Nac6 Qh6 27. Kg1
Bxg3 28. hxg3 Qh3 29. Kf2 Qh2+ 30. Ke1 Qxg3+ 31. Kd2 Rc3 32. bxc3 Qxe3+ 33. Ke1
Nxc3 34. Qa3 Bg4 35. Ne7+ Kh8 36. Ng6+ hxg6 37. Qxf8+ Kh7 38. Qxf7 Nxe2 39. Qf2
Qc3+ 40. Kf1 Nxd4 41. Qxd4 Bh3+ 42. Ke2 Bg4+ 43. Kf1 Qh3+ 44. Kf2 Qf3+ 45. Kg1
e3 46. Rd2 exd2 47. Qxd2 Qg3+ 48. Qg2 Qe3+ 49. Qf2 Qg5 50. Re1 Bf3+ 51. Kf1 Bd5
52. Qh2+ Qh5 53. Qxh5+ gxh5 54. a3 Kg6 55. Re5 Bc4+ 56. Kf2 h4 57. Rc5 Kf6 58.
a4 g5 59. a5 Bf7 60. Rc6+ Kf5 61. Rxa6 g4 62. Rd6 Ke5 63. Rh6 h3 64. Kg3 Bd5
65. a6 Bf3 66. Rxh3 Kd4 67. a7 Ke3 68. Rh5 1-0

[Event "12. KUP SS OBZ"]
[Site "Valpovo"]
[Date "2019.02.16"]
[Round "3.1"]
[White "Tarakcija, Hazim"]
[Black "Aleksic, Robert"]
[Result "1/2-1/2"]
[WhiteElo "2180"]
[BlackElo "2123"]
[PlyCount "24"]
[EventDate "2019.02.15"]
[WhiteTeam "ŠK OSIJEK 2017, Osijek"]
[BlackTeam "ŠK SLAVONAC, Našice"]

1. d4 d5 2. Nf3 Nf6 3. c4 e6 4. g3 Bb4+ 5. Bd2 Bxd2+ 6. Qxd2 O-O 7. Bg2 Ne4 8.
Qc2 Nc6 9. O-O Qf6 10. cxd5 exd5 11. Nc3 Nxc3 12. Qxc3 Bg4 1/2-1/2

[Event "12. KUP SS OBZ"]
[Site "Valpovo"]
[Date "2019.02.16"]
[Round "3.1"]
[White "Miletic, Josip"]
[Black "Radulovic, Bojan"]
[Result "1-0"]
[WhiteElo "2164"]
[BlackElo "2212"]
[PlyCount "139"]
[EventDate "2019.02.15"]
[WhiteTeam "ŠK SLAVONAC, Našice"]
[BlackTeam "ŠK OSIJEK 2017, Osijek"]

1. e4 c5 2. Nf3 Nc6 3. d4 cxd4 4. Nxd4 e5 5. Nxc6 bxc6 6. b3 Nf6 7. Qf3 d6 8.
Bb2 Be7 9. Nd2 Qa5 10. h3 O-O 11. Bc3 Qc7 12. O-O-O d5 13. g4 Be6 14. g5 Nxe4
15. Nxe4 dxe4 16. Qg3 f5 17. Bxe5 Qa5 18. Kb1 Rad8 19. Be2 Rxd1+ 20. Rxd1 Rd8
21. Rxd8+ Qxd8 22. h4 Qd2 23. Qe3 Qe1+ 24. Kb2 Qa5 25. Bc3 Qc5 26. Bd4 Qa3+ 27.
Kb1 c5 28. Bc3 Bf8 29. f3 c4 30. fxe4 cxb3 31. axb3 Qe7 32. exf5 Bxf5 33. Bc4+
Kh8 34. Qxe7 Bxe7 35. Bd4 a5 36. Bb6 h6 37. gxh6 gxh6 38. Bd4+ Kh7 39. h5 Bg4
40. Bf7 Bd7 41. c3 Bf8 42. Kb2 Bg7 43. Bb6 a4 44. b4 Be5 45. Bg6+ Kg7 46. Be3
a3+ 47. Kxa3 Bxc3 48. Kb3 Bf6 49. Kc4 Be6+ 50. Kb5 Bd7+ 51. Ka6 Bc8+ 52. Kb6
Bg4 53. b5 Be2 54. Kc6 Bxb5+ 55. Kxb5 Bg5 56. Bd4+ Bf6 57. Bc5 Bc3 58. Kc4 Bb2
59. Be3 Bf6 60. Kd5 Bg5 61. Bd4+ Bf6 62. Bc5 Bd8 63. Ke6 Bf6 64. Kd7 Kh8 65.
Ke8 Kg8 66. Bf7+ Kh7 67. Be6 Bd4 68. Bf5+ Kg8 69. Bh7+ Kxh7 70. Bxd4 1-0

[Event "12. KUP SS OBZ"]
[Site "Valpovo"]
[Date "2019.02.16"]
[Round "3.1"]
[White "Tomicic, Zvonimir"]
[Black "Leakovic, Ivica"]
[Result "0-1"]
[WhiteElo "2191"]
[BlackElo "2160"]
[PlyCount "104"]
[EventDate "2019.02.15"]
[WhiteTeam "ŠK OSIJEK 2017, Osijek"]
[BlackTeam "ŠK SLAVONAC, Našice"]

1. g3 c6 2. b3 d6 3. Bb2 e5 4. Bg2 Nf6 5. e3 Bg4 6. Ne2 Be7 7. h3 Bh5 8. d3
Nbd7 9. Nd2 O-O 10. g4 Bg6 11. Ng3 Nd5 12. Qe2 Re8 13. a3 Bf8 14. c4 Nf4 15.
exf4 exf4 16. Nge4 d5 17. O-O dxe4 18. dxe4 Nc5 19. Rad1 Qe7 20. f3 Rad8 21. b4
Ne6 22. Nb3 f6 23. Rxd8 Rxd8 24. Rd1 Bf7 25. Bf1 b6 26. Rxd8 Qxd8 27. Qd3 Qc7
28. h4 a5 29. Bc3 axb4 30. axb4 Qa7 31. Qd2 Qa3 32. Nd4 Nxd4 33. Qxd4 c5 34.
Qd3 cxb4 35. Bd2 Qxd3 36. Bxd3 Bc5+ 37. Kf1 g5 38. h5 Be8 39. Ke2 Ba4 40. Bb1
Bb3 41. Bd3 Ba2 42. Kd1 Bb3+ 43. Kc1 Kf7 44. Kb2 Bd1 45. e5 fxe5 46. Be4 h6 47.
Be1 Ke6 48. Bd2 Kd6 49. Be1 Bd4+ 50. Kc1 Bb3 51. Bxb4+ Bc5 52. Be1 Bxc4 0-1

[Event "12. KUP SS OBZ"]
[Site "Valpovo"]
[Date "2019.02.16"]
[Round "3.2"]
[White "Borzan, Andrej"]
[Black "Mesko, Andrej"]
[Result "1/2-1/2"]
[WhiteElo "1831"]
[BlackElo "1999"]
[PlyCount "62"]
[EventDate "2019.02.15"]
[WhiteTeam "ŠK FERIT OSIJEK II, Osijek"]
[BlackTeam "ŠK HRVATSKA ČITAONICA, Valpovo"]

1. d4 Nf6 2. c4 e6 3. Nc3 Bb4 4. Qc2 d5 5. Bg5 c5 6. e3 cxd4 7. exd4 Nc6 8. Nf3
dxc4 9. Be3 Qa5 10. Bxc4 Ne4 11. Rc1 Nxc3 12. bxc3 Ba3 13. Rb1 O-O 14. O-O Qc7
15. Ng5 g6 16. Bd3 b6 17. Ne4 f5 18. Ng5 Qe7 19. f4 h6 20. Nf3 Bb7 21. Ne5 Kg7
22. Qf2 Rac8 23. Bd2 Rfd8 24. Qg3 Qf6 25. h4 Kh7 26. Qh3 Be7 27. Be1 Qg7 28.
Rf2 Nxe5 29. fxe5 Bd5 30. Kh2 Bc4 31. Bxc4 Rxc4 1/2-1/2

[Event "12. KUP SS OBZ"]
[Site "Valpovo"]
[Date "2019.02.16"]
[Round "3.2"]
[White "Sucic, Mihael"]
[Black "Topalic, Fran"]
[Result "1-0"]
[WhiteElo "1960"]
[BlackElo "1480"]
[PlyCount "89"]
[EventDate "2019.02.15"]
[WhiteTeam "ŠK HRVATSKA ČITAONICA, Valpovo"]
[BlackTeam "ŠK FERIT OSIJEK II, Osijek"]

1. d4 d5 2. c4 e6 3. Nc3 Nf6 4. Bg5 c6 5. e3 Be7 6. Nf3 O-O 7. Bd3 Nbd7 8. Qc2
h6 9. Bh4 dxc4 10. Bxc4 b5 11. Bd3 Bb7 12. Bg3 a6 13. O-O Rc8 14. Ne5 c5 15.
Nxd7 Qxd7 16. dxc5 Bxc5 17. Qe2 Qc6 18. f3 b4 19. Ne4 Nxe4 20. Bxe4 Qb6 21.
Bxb7 Qxb7 22. Rfd1 Rfd8 23. Rac1 Qb6 24. Bf2 a5 25. Kf1 a4 26. b3 a3 27. Rc4
Be7 28. Rxd8+ Rxd8 29. e4 Qb7 30. Rd4 Rxd4 31. Bxd4 Bf6 32. e5 Be7 33. Qc4 Bf8
34. Ke2 Be7 35. Be3 Bf8 36. Kd3 Qd7+ 37. Kc2 Be7 38. Bc5 Qc7 39. Bxe7 Qxe7 40.
Kd3 Qd7+ 41. Ke3 Qa7+ 42. Qd4 Qb7 43. Qd6 Qb5 44. Qd8+ Kh7 45. Qd3+ 1-0

[Event "12. KUP SS OBZ"]
[Site "Valpovo"]
[Date "2019.02.16"]
[Round "3.2"]
[White "Matota, Dominik"]
[Black "Martinovic, Zvonimir"]
[Result "0-1"]
[WhiteElo "1503"]
[BlackElo "1833"]
[PlyCount "68"]
[EventDate "2019.02.15"]
[WhiteTeam "ŠK FERIT OSIJEK II, Osijek"]
[BlackTeam "ŠK HRVATSKA ČITAONICA, Valpovo"]

1. e4 c5 2. Nf3 a6 3. Nc3 d6 4. d4 cxd4 5. Nxd4 Nf6 6. Bd3 Nc6 7. Be3 e5 8. Nb3
d5 9. exd5 Nxd5 10. Nxd5 Qxd5 11. O-O Be7 12. f3 f5 13. Qe2 b5 14. Rad1 Qf7 15.
c4 Nb4 16. cxb5 Nxd3 17. Qxd3 O-O 18. b6 Be6 19. Nd2 Bb4 20. a3 Rfd8 21. Qc2 f4
22. Bf2 Rac8 23. Qe4 Bxd2 24. Qxe5 Bb3 25. Rxd2 Rxd2 26. b7 Qxb7 27. Qxf4 Rcc2
28. Re1 Bf7 29. Qg5 h6 30. Qh4 Rxf2 31. Qd8+ Kh7 32. Re7 Rxg2+ 33. Kf1 Qxf3+
34. Ke1 Rg1# 0-1

[Event "12. KUP SS OBZ"]
[Site "Valpovo"]
[Date "2019.02.16"]
[Round "3.2"]
[White "Safranko, Zeljko"]
[Black "Borzan, Matej"]
[Result "1-0"]
[WhiteElo "1831"]
[BlackElo "1501"]
[PlyCount "67"]
[EventDate "2019.02.15"]
[WhiteTeam "ŠK HRVATSKA ČITAONICA, Valpovo"]
[BlackTeam "ŠK FERIT OSIJEK II, Osijek"]

1. e4 d6 2. Bc4 Nf6 3. Nc3 g6 4. Nge2 Bg7 5. O-O O-O 6. Ng3 Nbd7 7. d4 a6 8. a3
c5 9. dxc5 Nxc5 10. Be3 b5 11. Ba2 Ncd7 12. Re1 Bb7 13. f3 Rc8 14. Kh1 Nb6 15.
e5 Ne8 16. exd6 Nxd6 17. Nge4 Nbc4 18. Bg5 Nxa3 19. bxa3 Bxc3 20. Nxc3 Rxc3 21.
a4 Nf5 22. Qe2 Qc7 23. Bb3 e6 24. Bf6 Re3 25. Qd2 Rxe1+ 26. Rxe1 h5 27. Re5 Qb6
28. Qg5 Qd4 29. Re1 Qf2 30. Rg1 Kh7 31. Qf4 Ne3 32. Bd4 Nxg2 33. Qf6 Qxd4 34.
Qxd4 1-0

[Event "12. KUP SS OBZ"]
[Site "Valpovo"]
[Date "2019.02.16"]
[Round "3.3"]
[White "Cajzler, Hinko"]
[Black "Grguric, Stjepan-Kresimir"]
[Result "1-0"]
[WhiteElo "2118"]
[BlackElo "2113"]
[PlyCount "103"]
[EventDate "2019.02.15"]
[WhiteTeam "ŠK HVIDR-a, Osijek"]
[BlackTeam "ŠK DRAGOVOLJAC, Osijek"]

1. e4 c6 2. d4 d5 3. Nc3 dxe4 4. Nxe4 Bf5 5. Ng3 Bg6 6. h4 h6 7. h5 Bh7 8. Nf3
Nd7 9. Bc4 e6 10. c3 Ngf6 11. Bf4 Be7 12. Ne5 Nb6 13. Bb3 Nbd5 14. Bd2 O-O 15.
O-O c5 16. Qe2 Rc8 17. Rfe1 Re8 18. dxc5 Bxc5 19. Rad1 Qc7 20. c4 Nb4 21. Bc3
Rcd8 22. a3 Nc6 23. Ba4 Rxd1 24. Rxd1 Rd8 25. Nxc6 Rxd1+ 26. Qxd1 bxc6 27. Qf3
Bd6 28. Bxf6 gxf6 29. Bxc6 Be5 30. b4 Qd6 31. c5 Qd4 32. Bb5 a5 33. bxa5 Qxc5
34. a4 Qb4 35. a6 Qb1+ 36. Nf1 Be4 37. a7 Bxf3 38. gxf3 Qa1 39. a8=Q+ Kg7 40.
Kg2 f5 41. Qb7 Qb2 42. Bc6 Qc1 43. Ne3 Qc3 44. Be8 Bc7 45. Qc6 Qe5 46. Qd7 Qh2+
47. Kf1 Kf6 48. Qxf7+ Kg5 49. Qxe6 Qh1+ 50. Ke2 Ba5 51. Qxf5+ Kh4 52. Qg4# 1-0

[Event "12. KUP SS OBZ"]
[Site "Valpovo"]
[Date "2019.02.16"]
[Round "3.3"]
[White "Grguric, Damir"]
[Black "Novak, Grgur"]
[Result "1/2-1/2"]
[WhiteElo "1986"]
[BlackElo "1936"]
[PlyCount "53"]
[EventDate "2019.02.15"]
[WhiteTeam "ŠK DRAGOVOLJAC, Osijek"]
[BlackTeam "ŠK HVIDR-a, Osijek"]

1. d4 Nf6 2. c4 e6 3. Nf3 c5 4. Nc3 cxd4 5. Nxd4 a6 6. e4 d6 7. Be2 Nbd7 8. Be3
g6 9. O-O Qc7 10. Rc1 Bg7 11. Qd2 O-O 12. Bh6 b6 13. Bxg7 Kxg7 14. Rfd1 Rd8 15.
b3 Bb7 16. Qe3 h6 17. h3 Rab8 18. Bd3 Ne5 19. Bb1 Qc5 20. Na4 Qc7 21. Re1 Ned7
22. g4 Nc5 23. Nc3 e5 24. Nde2 Ne6 25. Nd5 Qc5 26. Qd2 Ng5 27. Qd3 1/2-1/2

[Event "12. KUP SS OBZ"]
[Site "Valpovo"]
[Date "2019.02.16"]
[Round "3.3"]
[White "Prekratic, Marijan"]
[Black "Imsirovic, Alen"]
[Result "1/2-1/2"]
[WhiteElo "1919"]
[BlackElo "1957"]
[PlyCount "138"]
[EventDate "2019.02.15"]
[WhiteTeam "ŠK HVIDR-a, Osijek"]
[BlackTeam "ŠK DRAGOVOLJAC, Osijek"]

1. e4 e5 2. Nf3 Nc6 3. Nc3 Nf6 4. a3 Be7 5. Bc4 d6 6. d3 Be6 7. Nd5 O-O 8.
Nxe7+ Nxe7 9. Bxe6 fxe6 10. Ng5 Qd7 11. f3 Ng6 12. g3 h6 13. Nh3 Rf7 14. Qe2
Raf8 15. Rf1 d5 16. Bd2 Qc6 17. O-O-O Nd7 18. Rf2 Nc5 19. Kb1 Qb6 20. Ka2 a5
21. Rdf1 Qb5 22. Bc1 Qc6 23. Be3 b5 24. Bxc5 Qxc5 25. b3 a4 26. b4 Qc3 27. f4
Ne7 28. exd5 Nxd5 29. Qxe5 Qxe5 30. fxe5 Ne3 31. Rxf7 Rxf7 32. Rxf7 Kxf7 33.
Kb2 Ng4 34. d4 Nxh2 35. c4 Nf1 36. cxb5 Nxg3 37. Kc3 g5 38. Kd3 Nf5 39. Nf2 h5
40. Ke4 Ne7 41. Nd3 Nd5 42. Kf3 Nc3 43. Nc5 Nxb5 44. Nxa4 Nxd4+ 45. Kg3 Nb5 46.
Nc5 Nxa3 47. Na6 Nb5 48. Nc5 Nc3 49. Kf3 Nd5 50. Nd3 Kg6 51. Ke4 c6 52. Nc5 Nc7
53. Nb7 h4 54. Nd8 h3 55. Kf3 g4+ 56. Kg3 Kf5 57. Nxc6 Ke4 58. Na7 Kxe5 59. b5
Kd5 60. b6 Na6 61. Nc8 Kc6 62. b7 Kd5 63. Ne7+ Ke4 64. Nc6 h2 65. Kxh2 Kf3 66.
Kg1 g3 67. Nd4+ Ke4 68. Nxe6 Nb8 69. Kg2 Kd5 1/2-1/2

[Event "12. KUP SS OBZ"]
[Site "Valpovo"]
[Date "2019.02.16"]
[Round "3.3"]
[White "Mravunac, Branko"]
[Black "Fures, Ivica"]
[Result "1/2-1/2"]
[WhiteElo "1990"]
[BlackElo "1879"]
[PlyCount "84"]
[EventDate "2019.02.15"]
[WhiteTeam "ŠK DRAGOVOLJAC, Osijek"]
[BlackTeam "ŠK HVIDR-a, Osijek"]

1. e4 Nc6 2. d4 e5 3. d5 Nce7 4. Bb5 Ng6 5. Nf3 Bc5 6. O-O Nf6 7. Nc3 a6 8. Be2
d6 9. h3 O-O 10. Be3 Bb4 11. Qd3 Nh5 12. Qd2 Nhf4 13. Kh2 f5 14. Bxf4 Nxf4 15.
Bd3 Qf6 16. a3 Bxc3 17. bxc3 Nxd3 18. cxd3 fxe4 19. dxe4 Bxh3 20. Kxh3 Qg6 21.
Nh4 Qh5 22. Qd1 Qh6 23. g3 g5 24. Qg4 Kh8 25. f3 Rg8 26. Ra2 Rg7 27. Rg2 Rag8
28. a4 gxh4 29. Qxh4 Qe3 30. Qf6 h6 31. g4 Kh7 32. Qf5+ Kh8 33. Qf6 Kh7 34.
Qf5+ Kh8 35. a5 Rg5 36. Qf6+ Kh7 37. c4 R8g6 38. Qf7+ Rg7 39. Qf6 R7g6 40. Qf7+
Rg7 41. Qf6 R7g6 42. Qf7+ Rg7 1/2-1/2

[Event "12. KUP SS OBZ"]
[Site "Valpovo"]
[Date "2019.02.16"]
[Round "3.4"]
[White "Skocibusic, Ivo"]
[Black "Huis, Dinko"]
[Result "1/2-1/2"]
[WhiteElo "1923"]
[BlackElo "2137"]
[PlyCount "114"]
[EventDate "2019.02.15"]
[WhiteTeam "ŠK ĐAKOVO LIM MONT II, Đakovo"]
[BlackTeam "ŠK BELIŠĆE, Belišće"]

1. Nf3 d5 2. g3 Nf6 3. Bg2 g6 4. d3 Bg7 5. O-O O-O 6. Nbd2 c5 7. e4 Nc6 8. Re1
d4 9. Qe2 e5 10. Nc4 Qc7 11. a4 b6 12. h3 a6 13. Nh4 Be6 14. b3 b5 15. Nb2 Nd7
16. f4 f6 17. f5 Bf7 18. fxg6 hxg6 19. Qg4 Ne7 20. Rf1 Kh7 21. Nf3 Qd6 22. Qh4+
Kg8 23. g4 Rac8 24. axb5 axb5 25. Bd2 Nb6 26. Ra6 Ra8 27. Rfa1 Rxa6 28. Rxa6
Ra8 29. Rxa8+ Nxa8 30. Bf1 Qa6 31. Nxe5 g5 32. Bxg5 fxg5 33. Qxg5 Qd6 34. Nxf7
Kxf7 35. Qh5+ Kf8 36. Nd1 Nc7 37. g5 Ne6 38. Qg4 Kg8 39. h4 Qe5 40. Nf2 Bf8 41.
Nh3 Ng6 42. h5 Bd6 43. Bg2 Ngf4 44. Nxf4 Nxf4 45. Bf3 Ne6 46. g6 Qg5 47. Qxg5
Nxg5 48. Bg4 Kg7 49. Kg2 b4 50. Kf2 Bf4 51. Kg2 Kf6 52. Bf5 Kg7 53. Kf2 Kh6 54.
Kg2 Be5 55. Bg4 Kg7 56. Bf5 Bf4 57. Kf2 Kh6 1/2-1/2

[Event "12. KUP SS OBZ"]
[Site "Valpovo"]
[Date "2019.02.16"]
[Round "3.4"]
[White "Slivar, Darko"]
[Black "Macanga, Branko"]
[Result "0-1"]
[WhiteElo "2050"]
[BlackElo "1777"]
[PlyCount "79"]
[EventDate "2019.02.15"]
[WhiteTeam "ŠK BELIŠĆE, Belišće"]
[BlackTeam "ŠK ĐAKOVO LIM MONT II, Đakovo"]

1. d4 Nf6 2. c4 c5 3. d5 b5 4. Nc3 b4 5. Nb1 d6 6. f3 g6 7. e4 Bg7 8. Bd3 O-O
9. Nd2 a5 10. Rb1 Nh5 11. Ne2 Nd7 12. g4 Ne5 13. Nf1 Nf6 14. Neg3 e6 15. g5
Nfd7 16. Be2 exd5 17. cxd5 c4 18. f4 Nd3+ 19. Bxd3 cxd3 20. Qxd3 Ba6 21. Qe3
Nc5 22. Kf2 a4 23. Nd2 Rc8 24. Ne2 f6 25. gxf6 Qxf6 26. Nf3 Qe7 27. Kg2 Bd3 28.
Ra1 Bxe4 29. Ng3 a3 30. Nxe4 Qxe4 31. Qxe4 Nxe4 32. Rb1 axb2 33. Be3 Rc2+ 34.
Kh3 Nf2+ 35. Bxf2 Rxf2 36. Kg3 Rc2 37. Rhd1 Re8 38. Rd2 Re2 39. Rxe2 Rxe2 40.
Ne1 0-1

[Event "12. KUP SS OBZ"]
[Site "Valpovo"]
[Date "2019.02.16"]
[Round "3.4"]
[White "Perci, Franjo"]
[Black "Bojanic, Borislav"]
[Result "1-0"]
[WhiteElo "1663"]
[BlackElo "1895"]
[PlyCount "89"]
[EventDate "2019.02.15"]
[WhiteTeam "ŠK ĐAKOVO LIM MONT II, Đakovo"]
[BlackTeam "ŠK BELIŠĆE, Belišće"]

1. e4 c5 2. Bc4 Nc6 3. Nc3 a6 4. a4 g6 5. d3 Bg7 6. Nge2 d6 7. Bg5 Bg4 8. f3
Be6 9. Bxe6 fxe6 10. Qd2 Nf6 11. Bh6 O-O 12. Bxg7 Kxg7 13. h4 h5 14. O-O-O b5
15. g4 bxa4 16. Nf4 a3 17. Nxe6+ Kh7 18. Nxd8 axb2+ 19. Kb1 Raxd8 20. gxh5 Nxh5
21. Rhg1 Nf4 22. Rg4 e5 23. Rdg1 Nd4 24. R1g3 Rf6 25. Rxf4 Rxf4 26. Nd5 Rxh4
27. Qg5 Rh1+ 28. Rg1 Rxg1+ 29. Qxg1 Rf8 30. Qh2+ Kg7 31. f4 exf4 32. Nxf4 Nf3
33. Ne6+ Kg8 34. Qxd6 Rf7 35. Nxc5 Kh7 36. e5 Nd2+ 37. Kxb2 Rf1 38. e6 Rb1+ 39.
Ka2 Rd1 40. e7 Nc4 41. Qh2+ Kg7 42. e8=Q Rd2 43. Qc7+ Kh6 44. Qh8+ Kg5 45. Ne4+
1-0

[Event "12. KUP SS OBZ"]
[Site "Valpovo"]
[Date "2019.02.16"]
[Round "3.5"]
[White "Kovacevic, Srecko"]
[Black "Roklicer, Heike"]
[Result "1/2-1/2"]
[WhiteElo "2068"]
[BlackElo "2042"]
[PlyCount "132"]
[EventDate "2019.02.15"]
[WhiteTeam "ŠK MLADOST, Osijek"]
[BlackTeam "ŠK DONJI MIHOLJAC, Donji Miholjac"]

1. d4 d5 2. Nf3 c6 3. e3 Nf6 4. Bd3 Bg4 5. Nbd2 Nbd7 6. c4 e5 7. cxd5 cxd5 8.
dxe5 Nxe5 9. Bb5+ Nc6 10. Qa4 Bd7 11. O-O a6 12. Be2 Rc8 13. Qd1 Bd6 14. Nb3
O-O 15. Bd2 Ne5 16. Bc3 Qe7 17. Nxe5 Bxe5 18. Bxe5 Qxe5 19. Qd4 Qe7 20. Rac1
Rxc1 21. Rxc1 Rc8 22. Rxc8+ Bxc8 23. Bf3 Be6 24. g4 h6 25. Kf1 Qc7 26. Kg2 Qc8
27. Kg3 Qc2 28. Nc5 Bxg4 29. Bxg4 Nxg4 30. Kxg4 Qxf2 31. Qxd5 Qg1+ 32. Kf4
Qxh2+ 33. Ke4 Qg2+ 34. Ke5 Qxb2+ 35. Kd6 Qb6+ 36. Ke7 Qf6+ 37. Kd7 b5 38. Kc7
Qe7+ 39. Nd7 Qe8 40. Qg2 Kh8 41. Qd5 f6 42. e4 b4 43. Kb6 Kh7 44. Qf5+ Kh8 45.
Kxa6 Qa8+ 46. Kb5 Qxa2 47. e5 Qe2+ 48. Kxb4 Qb2+ 49. Kc5 Qa3+ 50. Kd5 Qb3+ 51.
Kd6 Qb4+ 52. Ke6 Qb3+ 53. Ke7 fxe5 54. Qf8+ Qg8 55. Qf5 Qb3 56. Qf8+ Qg8 57.
Qf5 Qb3 58. Nxe5 Qb4+ 59. Kf7 Qb3+ 60. Kg6 Qg3+ 61. Kf7 Qb3+ 62. Kf8 Qb8+ 63.
Ke7 Qb4+ 64. Kf7 Qb3+ 65. Kg6 Qg3+ 66. Ng4 Qd6+ 1/2-1/2